000 00413nam a2200109Ia 4500
008 240129s9999 xx 000 0 und d
100 _aSHARMA, KUNAL
245 0 _aIDENTIFYING AND ASSESSING HAZARD OPERABILITY HAZOP AND DISASTER RISK IN CHEMICAL PROCESS INDUSTRY A CASE STUDY FROM SIDCUL INDUSTRIAL AREA HARIDWAR
260 _bMEWAR UNIVERSITY, CHITTORGARH
_c2021
650 _aChemical Engineering
942 _cTHE
999 _c218922
_d218922